Southville International School and Colleges
Your cart is empty.
  • Cart
  • Lists
    Public lists Eva Luna New books Lux_list list_1
    Your lists Log in to create your own lists
  • Log in to your account
  • Your cookies
  • Search history
Southville International School and Colleges
  • Advanced search
  • Recent comments
  • Most popular
  • Libraries

Log in to your account

Log in with GOOGLE


If you do not have an external account, but do have a local account, you can still log in:

  1. Home
  2. MARC view: Entrepreneurship and small firms /
Normal view MARC view ISBD view

Entrepreneurship and small firms / (Record no. 48430)

[ view plain ]
MARC details
000 -LEADER
fixed length control field 00666nam a2200217Ia 4500
008 - FIXED-LENGTH DATA ELEMENTS--GENERAL INFORMATION
fixed length control field 140321s9999 xx 000 0 und d
020 ## - INTERNATIONAL STANDARD BOOK NUMBER
International Standard Book Number 9780071288774
050 ## - LIBRARY OF CONGRESS CALL NUMBER
Classification number HB 615
Item number .D341 2010
100 ## - MAIN ENTRY--PERSONAL NAME
Personal name Deakins, David
245 ## - TITLE STATEMENT
Title Entrepreneurship and small firms /
Statement of responsibility, etc David Deakins and Mark Freel.
250 ## - EDITION STATEMENT
Edition statement 5th ed.
260 ## - PUBLICATION, DISTRIBUTION, ETC. (IMPRINT)
Place of publication, distribution, etc Philippines :
Name of publisher, distributor, etc McGraw-Hill,
Date of publication, distribution, etc c2010.
300 ## - PHYSICAL DESCRIPTION
Extent 332 p. :
Dimensions 25 cm.
500 ## - GENERAL NOTE
General note Includes bibliographical references and index.
521 ## - TARGET AUDIENCE NOTE
Target audience note
650 ## - SUBJECT ADDED ENTRY--TOPICAL TERM
Topical term or geographic name as entry element Entrepreneurship
General subdivision Great Britain.
650 ## - SUBJECT ADDED ENTRY--TOPICAL TERM
Topical term or geographic name as entry element Small business
General subdivision Great Britain.
650 ## - SUBJECT ADDED ENTRY--TOPICAL TERM
Topical term or geographic name as entry element Small business
General subdivision Management.
942 ## - ADDED ENTRY ELEMENTS (KOHA)
Call number prefix Local
Koha item type Books
Holdings
Withdrawn status Lost status Source of classification or shelving scheme Damaged status Home library Current library Shelving location Date acquired Source of acquisition Total Checkouts Full call number Barcode Date last seen Price effective from Koha item type
    Library of Congress Classification   College Library College Library Graduate Section 03/21/2014 Donation   HB 615 .D341 2010 C17713 03/14/2017 03/21/2014 Books

Entrepreneurship and small firms /

APA

Deakins D., . (2010). Entrepreneurship and small firms. Philippines: McGraw-Hill.

Chicago

Deakins David, . 2010. Entrepreneurship and small firms. Philippines: McGraw-Hill.

Harvard

Deakins D., . (2010). Entrepreneurship and small firms. Philippines: McGraw-Hill.

MLA

Deakins David, . Entrepreneurship and small firms. Philippines: McGraw-Hill. 2010.

  • Place hold
  • Print
  • Cite
  • Add to your cart (remove)
  • Save record
    BIBTEX Dublin Core MARCXML MARC (non-Unicode/MARC-8) MARC (Unicode/UTF-8) MARC (Unicode/UTF-8, Standard) MODS (XML) RIS
  • More searches
    Search for this title in:
    Other Libraries (WorldCat) Other Databases (Google Scholar) Online Stores (Bookfinder.com) Open Library (openlibrary.org)

Exporting to Dublin Core...

SOUTHVILLE LIBRARY

Southville International School and Colleges Library

1281 Tropical Ave. Cor. Luxembourg St., BF Homes International, Las Pinas City

Tel. No. 8256374 / 252358 Loc. 117/146

Powered by Koha